| 000 | 00337nam a22001217a 4500 | ||
|---|---|---|---|
| 008 | 160506b xxu||||| |||| 00| 0 eng d | ||
| 020 | _a0070708924 | ||
| 020 | _a0070797498 | ||
| 041 | _aeng | ||
| 080 | _a61 | ||
| 245 |
_aHarrisons principles of internal medicine: _cJean D.Wilson; Eugene Braunwald; Kurt J. Isselbacher; |
||
| 942 |
_2udc _cBK |
||
| 999 |
_c1841 _d1841 |
||